000 00453nam a22001697a 4500
005 20160513121329.0
008 160513b xxu||||| |||| 00| 0 eng d
020 _a0-07-047264-5
041 _aeng
082 _b1955
100 _aJohn W. Newstron Keith Davis
_9563
245 _aOrganizational Behaviour Human Hehaviour at work
260 _aNew Delhi
_bTata Mc Graw Hill Publishing comp,
300 _a517
650 _aManagement
_9241
942 _cBK
999 _c733
_d733